Combat Initiation Enemies - Statistics

General Stats
  • This quiz has been taken 52 times
  • The average score is 30 of 38
Answer Stats
Picture Answer % Correct
Noob
100%
Giant
94%
Jason
94%
Killbot
94%
Cannon
91%
Mark
91%
Vagabond
91%
Bobby
88%
Captain
88%
Fireman
88%
Trooper
88%
Emeraldblaster
85%
Gunman
85%
King
85%
Wizard
85%
Beacon
82%
Doombringer
82%
Crown
79%
Great Drakobloxxer
79%
Juggernaut
79%
Knight
79%
Smith
79%
Bombhead
76%
Freezer
76%
Hunter
76%
Contrapt
74%
Mystic Jason
74%
Slasher
74%
Dylan
71%
Dummy
68%
OldBobby
68%
N00B
65%
PNG
65%
THE ONE TIX
65%
Revolutionary Trooper
62%
Tax
59%
Journeyman
56%
M134 Killbot
53%
No matching quizzes found
Score Distribution
Percent of People with Each Score
Percentile by Number Answered
Your Score History
You have not taken this quiz